| 000 | 00727nam a2200217Ia 4500 | ||
|---|---|---|---|
| 001 | 17006 | ||
| 003 | GE_BSU | ||
| 008 | 181216s||||||||xx |||||||||||||| ||und|| | ||
| 040 | _cGE_BSU | ||
| 080 | _a821.353.1-1+ 821.353.1-11 | ||
| 100 | _aბერულავა, ხუტა | ||
| 245 | _aუღელტეხილი : ლექსები. პოემები | ||
| 245 | _cრედ.ირ. არაბული | ||
| 260 | _aთბილისი | ||
| 260 | _bსაბჭ. საქართველო | ||
| 260 | _c1976 | ||
| 300 | _a326გვ. : 1 ფ. პორტრ. ; 20სმ | ||
| 653 | _aლექსები. პოემები. | ||
| 653 | _aუღელტეხილი | ||
| 942 | _cBK | ||
| 999 |
_c50068 _d50068 |
||